| 000 | 00499nam a2200133Ia 4500 | ||
|---|---|---|---|
| 008 | 171212s9999 xx 000 0 und d | ||
| 020 | _a9780833049803 | ||
| 100 | _aTreverton, Gregory F. | ||
| 245 |
_cTreverton, Gregory F. _aMaking Policy in the Shadow of the Future |
||
| 260 |
_bRAND Corporation _c2010 |
||
| 650 | _aPhysics | ||
| 650 | _aUnited States -- Foreign relations; Political planning -- United States; National security -- United States | ||
| 856 | _uwww.jstor.org/stable/10.7249/op298rc | ||
| 999 |
_c352287 _d352287 |
||